00760nam a2200241Ia 4500003000400000005001700004008004100021020002200062040000700084041000800091082001900099100006100118245002700179250000600206260004500212300001700257365001400274650002900288906002400317942001200341999001900353952014600372OSt20230412161748.0210423s2017 xx 000 0 und d a978-0-19-872871-9 cAL aeng a547 223bCLAO aCLAYDEN (Jonathan);GREEVES (Nick);WARREN (Stuart)987358 aOrganic chemistry Ed 2 a2 aNew DelhibOxford University Pressc2017 axxv,1234bPB b2250cINR aOrganic Chemistry987359 achemistry ; Organic 2ddccBK c169841d169841 001040708ACaSACPGbSACPGd2019-01-23eBiblios Book Pointg2250.00l1o547 CLAOpPG016343r2025-10-24 08:28:04s2025-10-11w2021-04-26yBK